| 000 | 00547cam a2200181 4500 | ||
|---|---|---|---|
| 001 | D13927 | ||
| 008 | 090401t1925 xxu||||| |||| 00| 0 eng d | ||
| 035 | _a(Sirsi) u12349 | ||
| 041 | _aeng | ||
| 100 | _aSmith, Sydney A. | ||
| 245 | 4 | _aThe rating and valuation act, 1925: being a guide to the law and practice of rating and valuation for the purpose of local assessment outside London | |
| 260 |
_aLondon _bEstates Gazette _c1925 |
||
| 350 | _a0 | ||
| 520 | _aShelf 135 | ||
| 700 | _aLogsdon, H. Stewart | ||
| 942 | _n0 | ||
| 948 | _c04/03/1997 | ||
| 999 |
_c86981 _d86981 |
||